| 000 | 00683nam a2200193Ia 4500 | ||
|---|---|---|---|
| 999 |
_c50975 _d50975 |
||
| 001 | 17932 | ||
| 003 | GE_BSU | ||
| 005 | 20200228160134.0 | ||
| 008 | 181216s2013 xx |||||||||||||| ||geo|| | ||
| 040 | _cGE_BSU | ||
| 041 | _ageo | ||
| 080 | _a342(479.22) ს-32 | ||
| 245 | _aსაქართველოს კონსტიტუცია 2013 წ ლის 15 ოქტომბრის მდგომარეობით | ||
| 264 |
_aთბილისი : _bრაიზი, _c2013. |
||
| 300 |
_a64გვ. ; _c21 სმ. |
||
| 653 | _aსაქართველოს კონსტიტუცია | ||
| 653 | _aსამართალი | ||
| 942 |
_cBK _2udc |
||